000 00396nam a22001697a 4500
005 20250805124040.0
008 250805b |||||||| |||| 00| 0 eng d
020 _a9789357788922
041 _aEnglish
082 _a346.066 KAP
100 _aKapoor, G.K.
245 _aCompany Law & Practice
260 _aNewdelhi
_bTaxmann
_c2023
300 _a1150 p
650 _aCompany Law
942 _cDB
999 _c9026
_d9026